The Partition of the Punjab, 1947 : (Record no. 616263)

000 -LEADER
fixed length control field 00426nam a22001097a 4500
082 ## - DEWEY DECIMAL CLASSIFICATION NUMBER
Classification number 954.5504
245 ## - TITLE STATEMENT
Title The Partition of the Punjab, 1947 :
Remainder of title a compilation of official documents /
Statement of responsibility, etc. Creator India.. Punjab Boundary Commission. Mian Muhammad Sadullah comp. India.. Punjab Boundary Commission.
260 ## - PUBLICATION, DISTRIBUTION, ETC.
Place of publication, distribution, etc. Lahore :
Name of publisher, distributor, etc. National Documentation Centre,
Date of publication, distribution, etc. 1983.
300 ## - PHYSICAL DESCRIPTION
Extent 529 p. ;
Dimensions 24 cm.
563 ## - BINDING INFORMATION
Binding note HB.
942 ## - ADDED ENTRY ELEMENTS (KOHA)
Source of classification or shelving scheme
Koha item type Book
Holdings
Withdrawn status Lost status Source of classification or shelving scheme Damaged status Not for loan Permanent Location Current Location Date acquired Source of acquisition Total Checkouts Full call number Barcode Date last seen Price effective from Koha item type
          NUST Law School (NLS) NUST Law School (NLS) 02/17/2026 Donated by Mr. Salahuddin Khan Advocate Supreme Court of Pakistan   954.5504 PUN NLSD-540 02/17/2026 02/17/2026 Book
© 2023 Central Library, National University of Sciences and Technology. All Rights Reserved.